La resolución del contrato bilateral por incumplimiento
Uloženo v:
| Hlavní autor: | |
|---|---|
| Médium: | Kniha |
| Jazyk: | španělština |
| Vydáno: |
Salamanca
Salamanca
1981
|
| Edice: | Acta Salmanticensia. Derecho, 37
|
| Témata: | |
| Tagy: |
Přidat tag
Žádné tagy, Buďte první, kdo vytvoří štítek k tomuto záznamu!
|
MARC
| LEADER | 00000nam a2200000 a 4500 | ||
|---|---|---|---|
| 001 | UCS1679 | ||
| 003 | CL-VaPUC | ||
| 008 | 970515e19810000SP |||||||||||||||||spa|d | ||
| 082 | 0 | 4 | |a 346.022 |b DEL |2 21 |
| 100 | 0 | |a Dell'Aquila, Enrico |e author |9 386369 | |
| 245 | 1 | 3 | |a La resolución del contrato bilateral por incumplimiento |
| 300 | |a 213 p | ||
| 942 | |c BK | ||
| 945 | |d 19970515 00:00:00 |a paguirre | ||
| 260 | |a Salamanca |b Salamanca |c 1981 | ||
| 650 | 0 | |a Derecho civil |9 255013 | |
| 650 | 0 | |a Contratos |9 255153 | |
| 650 | 7 | |a INCUMPLIMIENTOS DE LOS CONTRATOS |2 CL-VaPUC |9 386370 | |
| 650 | 0 | |a Derecho romano |9 255930 | |
| 650 | 0 | |a Resolución de los contratos |9 386371 | |
| 583 | |a last modification |c 19970515 00:00:00 |k Rodrigo Vera | ||
| 490 | 0 | |a Acta Salmanticensia. Derecho, 37 | |
| 999 | |c 259712 |d 259710 | ||
| 952 | |0 0 |1 0 |4 0 |6 346_022000000000000_DEL_1981 |7 0 |8 A |9 284967 |a BIBDER |b BIBDER |d 2019-11-19 |i 1848402 |o 346.022 DEL 1981 |p 1848402 |r 2023-01-25 |w 2019-11-19 |y BK |k DER | ||